Missing Word: Name Pairs Quiz Stats

 Plays Quiz Updated Jul 22, 2016

Challenge
Share
Tweet
Embed
Score 0/36 Timer 03:00
0 Plays Today
Name pair Missing name % Correct
Romeo and ________Juliet
99.7%
Batman and ________ Robin
95.3%
________ and JillJack
93.8%
Jekyll and ________Hyde
93.4%
Tweedle Dee and ________Tweedle Dum
92%
Lilo and ________Stitch
91.7%
Mary-Kate and ________Ashley
91.3%
Abercrombie and ________Fitch
91.2%
________ and GoliathDavid/Davey
88.8%
________ and GarfunkelSimon
87.5%
Bert and ________Ernie
87.1%
________ and ClydeBonnie
84.3%
Lewis and ________Clark/Martin
79.2%
Johnson and ________Johnson/Wales
78.3%
________ and Thing 2Thing 1
75.5%
________ and StimpyRen
74.8%
________ and ChongCheech
73.3%
________ and TellerPenn
67.5%
Name pair Missing name % Correct
________ and GromitWallace
67%
________ and OatesHall
65.2%
________ and The BanditSmokey
59%
________ and CostelloAbbott
58.7%
Ben and ________Jerry
56.8%
Brooks and ________Dunn
52.1%
________ and RoebuckSears
51.2%
________ and TennilleCaptain
46.4%
Amos and ________Andy
44.3%
Tristan and ________Isolde
43.6%
Mutt and ________Jeff
33.2%
________ and HarrietOzzie
32.5%
________ and JeckleHeckle
30.7%
Tony Orlando and ________Dawn
30.6%
________ and HerbPeaches
25.2%
________ and RossiMartini/Allen
22.2%
Pratt and ________Whitney/Mcclain/Lambert
17.4%
Matt and ________Kim/Nat
9.1%

Today's Daily Dose

You're not logged in!

Compare scores with friends on all Sporcle quizzes.
OR
Log In

You Might Also Like...

Show Comments

Extras

Top Quizzes Today


Score Distribution

Your Account Isn't Verified!

In order to create a playlist on Sporcle, you need to verify the email address you used during registration. Go to your Sporcle Settings to finish the process.

Report this User

Report this user for behavior that violates our Community Guidelines.

Details: